| Tag |
First Indicator |
Second Indicator |
Subfields |
| LEADER |
00000cam a2200000 4500 |
| 001 |
in00001354130 |
| 005 |
20151006060654.0 |
| 008 |
760727s1898 ohu 000 0 eng |
| 010 |
|
|
|a 99001090
|
| 035 |
|
|
|a (OCoLC)02336573
|
| 035 |
|
|
|9 AHG1536AM
|
| 040 |
|
|
|a DLC
|c TLM
|d TXA
|d UtOrBLW
|
| 049 |
|
|
|a TXAM
|
| 050 |
0 |
0 |
|a E735
|b .B88
|
| 090 |
|
|
|a E735
|b .B88 1898
|
| 092 |
|
|
|a 811.8
|
| 100 |
1 |
|
|a Brownlee, James Henry,
|e compiler.
|
| 245 |
1 |
0 |
|a War-time echoes ;
|b patriotic poems, heroic and pathetic, humorous and dialectic, of the Spanish-American war /
|c Selected and arranged by James Henry Brownlee.
|
| 264 |
|
1 |
|a Akron, O., New York :
|b Werner,
|c [1898]
|
| 264 |
|
4 |
|c [©1898]
|
| 300 |
|
|
|a xvi, 209 pages ;
|c 20 cm.
|
| 336 |
|
|
|a text
|b txt
|2 rdacontent
|
| 337 |
|
|
|a unmediated
|b n
|2 rdamedia
|
| 338 |
|
|
|a volume
|b nc
|2 rdacarrier
|
| 650 |
|
0 |
|a Spanish-American War, 1898
|x Poetry.
|
| 650 |
|
0 |
|a American poetry.
|
| 999 |
|
|
|a MARS
|
| 999 |
f |
f |
|s e050c146-69cb-37f0-98d1-3426a175c61a
|i 122db194-fd12-38f8-bdc5-1d4dd52ccf67
|t 0
|
| 952 |
f |
f |
|p noncirc
|a Texas A&M University
|b College Station
|c Cushing Memorial Library & Archives
|d Cushing: Ragan Military (Does not check out)
|t 0
|e E735 .B88 1898
|h Library of Congress classification
|i unmediated -- volume
|
| 998 |
f |
f |
|a E735 .B88 1898
|t 0
|l Cushing: Ragan Military (Does not check out)
|